000 00504cam a2200145 4500500
005 20251012024618.0
041 _afre
042 _adc
100 1 0 _aLaroque, Marie-France
_eauthor
245 0 0 _aLe CHSS et l’AEHSS en 2024
260 _c2025.
500 _a66
786 0 _nRevue d'histoire de la protection sociale | 18 | 1 | 2025-09-02 | p. 266-267 | 1969-9123
856 4 1 _uhttps://shs.cairn.info/revue-revue-dhistoire-de-la-protection-sociale-2025-1-page-266?lang=fr&redirect-ssocas=7080
999 _c1544188
_d1544188